000
00239nam a22001097a 4500
082
_a
540
100
_a
Gupta,Preeti
_9
83073
245
_a
Hand Book Chemistry
260
_a
Meerut UP
_b
Arihant
_c
2024
650
_a
Chemistry
942
_c
C. BOOKS
999
_c
67838
_d
67838